|
|
|
|
| LEADER |
00969nam a22002297a 4500 |
| 001 |
AAL8160 |
| 003 |
BD-DhAAL |
| 005 |
20160323100736.0 |
| 008 |
160323m20142008bg a|||| |||| 00| 0 ben d |
| 020 |
|
|
|a 9847019200127
|
| 040 |
|
|
|a BD-DhAAL
|c BD-DhAAL
|
| 082 |
|
|
|a 915.2
|
| 100 |
|
|
|a কামাল, মোঃ আবু হেনা মোস্তাফা
|9 18753
|
| 245 |
|
|
|a যেমন দেখেছি জাপান /
|c মোঃ আবু হেনা মোস্তাফা কামাল
|
| 260 |
|
|
|a ঢাকা :
|b বিজয় প্রকাশ,
|c ২০১৪
|
| 300 |
|
|
|a ১১২ পৃ. :
|b চিত্র ;
|c ২২ সে.মি.
|
| 541 |
|
|
|e 8160
|
| 651 |
|
|
|a Japan
|9 18754
|
| 852 |
|
|
|a Savar Campus Library
|c General Shelf
|
| 942 |
|
|
|2 ddc
|c BK
|
| 999 |
|
|
|c 37207
|d 37207
|
| 952 |
|
|
|0 0
|1 0
|2 ddc
|4 0
|6 915_200000000000000_KAM
|7 0
|9 58490
|a SCL
|b SCL
|c GEN
|d 2016-03-23
|e Gift:
|g 200.00
|l 1
|o 915.2 KAM
|p 3020008160
|r 2025-11-16
|s 2025-11-08
|t 1
|w 2016-03-23
|y BK
|